Kim so wol / (Record no. 3074)
[ view plain ]
| 000 -LEADER | |
|---|---|
| fixed length control field | 00409nam a22001697a 4500 |
| 003 - CONTROL NUMBER IDENTIFIER | |
| control field | OSt |
| 005 - DATE AND TIME OF LATEST TRANSACTION | |
| control field | 20151028162311.0 |
| 008 - FIXED-LENGTH DATA ELEMENTS--GENERAL INFORMATION | |
| fixed length control field | 130625t xxu||||| |||| 00| 0 eng d |
| 020 ## - INTERNATIONAL STANDARD BOOK NUMBER | |
| International Standard Book Number | 9788972431039 |
| 050 ## - LIBRARY OF CONGRESS CALL NUMBER | |
| Classification number | PL 991.415 |
| Item number | .K49 1986 |
| 082 ## - DEWEY DECIMAL CLASSIFICATION NUMBER | |
| Classification number | IB 951.98 |
| Item number | K56 1986 |
| 245 ## - TITLE STATEMENT | |
| Title | Kim so wol / |
| Statement of responsibility, etc | Kim So Wol |
| 300 ## - PHYSICAL DESCRIPTION | |
| Extent | 143 p. ; |
| Other physical details | ill. col. ; |
| Dimensions | 21 cm. : |
| 562 ## - COPY AND VERSION IDENTIFICATION NOTE | |
| Number of copies | 1 |
| 942 ## - ADDED ENTRY ELEMENTS (KOHA) | |
| Source of classification or shelving scheme | Library of Congress Classification |
| Koha item type | Books |
| Withdrawn status | Lost status | Source of classification or shelving scheme | Damaged status | Home library | Current library | Shelving location | Date acquired | Total Checkouts | Total Renewals | Full call number | Barcode | Date last seen | Date checked out | Copy number | Price effective from | Koha item type |
|---|---|---|---|---|---|---|---|---|---|---|---|---|---|---|---|---|
| Library of Congress Classification | Luxembourg Library | Luxembourg Library | International Baccalaureate Section | 06/25/2013 | 2 | 1 | PL 991.415 .K49 1986 | 15573 | 04/29/2024 | 04/29/2024 | 1 | 06/25/2013 | Books |